Представление документа в формате RUSMARC

ПолеНазваниеЗначение
  Тип записи a
  Библиографический уровень m
001 Контрольный номер RU/CBS_UL/BASE/556973773
005 Дата корректировки 20240209174738.8
010 Индекс ISBN __
d Цена 50 р. 00 к.
9 Тираж экз.
090 Данные записи __
a Состояние записи 38.639
b Тип записи Книги
c Язык записи Русский
d Отрасль знаний (КСУ) Другая
e Секретность Несекретно
g Вид записи Монография (однотомник)
x Дата передачи записи для обработки Д79
100 Данные общей обработки __
a Данные общей обработки 20110614d2013 u u 1rusy ||||ca
101 Язык документа 0_
a Язык текста rus
105 Кодированные данные (монография) __
a Кодированные данные (монография) a z 000yy
200 Заглавие и сведения об ответственности 1_
a Заглавие Интерьер и дизайн современной квартиры
b Общее обозначение материала Текст
e Сведения, относящиеся к заглавию советы профессионалов
f Первые сведения об ответственности И. И. Дубровин
210 Выходные данные 1_
a Место издания Москва
c Издательство Дом. ХХI век
c Издательство Лада
c Издательство РИПОЛ КЛАССИК
d Дата издания 2007
215 Физическое описание __
a Объем 222 с.
225 Серия 1_
a Серия Дом для себя
300 Общие примечания __
a Общие примечания Ограничения по возрасту - 16+
300 Общие примечания __
a Общие примечания Под инв. номером 127913 : 8-1
606 Тематические рубрики 0_
a Основная рубрика Жилые дома - Интерьер - Оформление
610 Ключевые слова 0_
a Ключевые слова дома жилые
a Ключевые слова квартиры
a Ключевые слова планировка
a Ключевые слова интерьер
a Ключевые слова оформление
a Ключевые слова дизайн
a Ключевые слова благоустройство
686 Индексы других классификаций __
a Классификационный индекс 38.639
2 Код системы rubbk
700 Автор _1
a Фамилия Дубровин
b Имя (инициалы) Иван Ильич
g Полное личное имя И. И.
801 Источник записи _0
a Страна RU
b Организация МБУК ЦБС г. Ульяновска
c Дата составления 20110615
801 Источник записи _1
a Страна RU
b Организация МБУК ЦБС г. Ульяновска
c Дата составления 20110615
899 Данные о местонахождении __
3 Книга № 20329
a Местонахождение 8 ф
i Авторский знак Д 79
j Расстановочный фильтр 38.639
d Название фонда Инв.книга №1
q Состояние Свободно
x Инвентарный номер 146772
901 Тип документа __
t Тип документа m
910 Корректоры записи __
a Корректор записи Тургенева